| 000 | | | 03294nac2a22002411x 450 |
| 001 | | | 04939154-13c8-4ada-8ce7-1bd1301144c2 |
| 005 | | | 20131127125827.0 |
| 100 | ## | $a | 20130529l1917 k y0rusy50 ca |
| 101 | 0# | $a | rus |
| 102 | ## | $a | RU |
| 105 | ## | $a | y z ||||| |
| 122 | 0# | $a | d191710 |
| 200 | 1# | $a | Корешки билетов, выданных делегатам X съезда партии кадетов |
| | $j | Октябрь 1917 |
| 215 | ## | $a | 10 листов |
| 251 | ## | $c | Дело |
| 300 | ## | $a | Лист I: на чистом листе с водяными знаками - заверитель и отметки о проверке |
| 461 | #0 | $1 | 0011d649a3b-ccdf-484e-a423-ec64c785c8ed |
| | $1 | 2001 |
| | $a | Партия народной свободы (кадеты) |
| | $1 | 251 |
| | $c | Фонд |
| | $1 | 852 |
| | $j | 523 |
| 462 | #0 | $1 | 0018b9e8422-dd9e-4ea7-b938-3dc971685134 |
| | $1 | 2001 |
| | $a | Партия народной свободы (кадеты). 1905-1917 гг. |
| | $1 | 251 |
| | $c | Опись |
| | $1 | 852 |
| | $j | 2 |
| 601 | 02 | $3 | RU\NLR\AUTH\661232767 |
| | $a | Конституционно-демократическая партия |
| 601 | 02 | $a | Партия народной свободы. Съезд (10) |
| 801 | #0 | $a | RU |
| | $b | GA_RF |
| 801 | #1 | $a | RU |
| | $b | НПО Опыт |
| | $c | 20130529 |
| | $2 | rusmarc |
| 801 | #2 | $a | RU |
| | $b | ПБ им. Б.Н. Ельцина |
| | $c | 20131127 |
| | $g | RCR |
| | $2 | rusmarc |
| 852 | ## | $a | ГА РФ |
| | $j | 42 |
| 937 | ## | $d | 42103200 |
| | $h | ПБ |
| 035 | ## | $a | RuPRLIB51000339 |